[Event "Mar del Plata International-30 Maderna"]
[Site "Mar del Plata ARG"]
[Date "1976.03.11"]
[Round "4"]
[White "Van Riemsdijk, Herman Claudius"]
[Black "Bronstein, Luis Marcos"]
[Result "1/2-1/2"]
[WhiteElo "2370"]
[BlackElo "2380"]
[PlyCount "120"]
[EventDate "1976.03.08"]

1. e4 e6 2. d4 d5 3. Nc3 Nf6 4. Bg5 Be7 5. e5 Ne4 6. Nxe4 Bxg5 7. Nxg5 Qxg5 8. h4 Qe7 9. Qd2 Bd7 10. h5 c5 11. dxc5 Nc6 12. f4 Qxc5 13. O-O-O O-O-O 14. Nf3 Kb8 15. h6 gxh6 16. Rxh6 Rc8 17. Kb1 d4 18. a3 Rhd8 19. Ng5 Be8 20. Ne4 Qf8 21. Rh3 f6 22. Nxf6 Bg6 23. Bd3 Ne7 24. Qb4 Qg7 25. Rg3 Nc6 26. Qd2 Qc7 27. Bxg6 hxg6 28. Ne4 Ne7 29. Nd6 Nf5 30. Nxf5 gxf5 31. Rd3 a6 32. Qf2 Qc5 33. Rxd4 Ka7 34. Qd2 Rxd4 35. Qxd4 Qxd4 36. Rxd4 Rg8 37. Rd2 Rg4 38. Rf2 Kb6 39. Rd2 Rxf4 40. Rd6+ Kc5 41. Rxe6 Kd5 42. Rb6 Kxe5 43. Rxb7 Rf1+ 44. Ka2 Rf2 45. Re7+ Kf6 46. Ra7 Rxg2 47. Rxa6+ Ke5 48. c3 f4 49. Ra8 f3 50. Rf8 Ke4 51. a4 Rg5 52. Re8+ Re5 53. Rh8 f2 54. Rh1 Kf3 55. Rf1 Kg2 56. Rc1 f1=Q 57. Rxf1 Kxf1 58. Kb3 Ke2 59. Kb4 Kd3 60. a5 Re8 1/2-1/2

[Event "Mar del Plata International-30 Maderna"]
[Site "Mar del Plata ARG"]
[Date "1976.03.13"]
[Round "5"]
[White "Brond, Victor"]
[Black "Sanguineti, Raul"]
[Result "1-0"]
[WhiteElo "2345"]
[BlackElo "2480"]
[PlyCount "51"]
[EventDate "1976.03.08"]

1. d4 Nf6 2. c4 g6 3. Nc3 d5 4. cxd5 Nxd5 5. e4 Nxc3 6. bxc3 Bg7 7. Bc4 b6 8. Ne2 Bb7 9. f3 Nc6 10. Be3 O-O 11. Qd2 e6 12. h4 Na5 13. Bd3 Qe7 14. Bh6 Rfd8 15. h5 Qf8 16. Bxg7 Qxg7 17. e5 c5 18. Kf2 Nc6 19. Qe3 cxd4 20. cxd4 Nb4 21. Be4 Bxe4 22. Qxe4 Rac8 23. hxg6 hxg6 24. Rh4 Nd5 25. Rah1 Ne7 26. Rh8+ 1-0

[Event "Mar del Plata International-30 Maderna"]
[Site "Mar del Plata ARG"]
[Date "1976.03.13"]
[Round "5"]
[White "Bronstein, Luis Marcos"]
[Black "Garcia, Raimundo"]
[Result "0-1"]
[WhiteElo "2380"]
[BlackElo "2425"]
[PlyCount "126"]
[EventDate "1976.03.08"]

1. d4 Nf6 2. c4 g6 3. Nc3 Bg7 4. e4 d6 5. Be2 O-O 6. Bg5 c5 7. dxc5 Qa5 8. Bd2 Qxc5 9. Nf3 Nc6 10. O-O Bg4 11. Be3 Qa5 12. a3 Rfc8 13. b4 Qd8 14. Rc1 Bxf3 15. gxf3 Ne5 16. Nd5 Nxd5 17. exd5 b6 18. Kh1 Nd7 19. f4 a5 20. Bd4 axb4 21. Bxg7 Kxg7 22. Qd4+ Kg8 23. axb4 Ra4 24. Qb2 Nf6 25. Ra1 Rca8 26. Rxa4 Rxa4 27. Ra1 Qa8 28. Rxa4 Qxa4 29. Kg2 Ne8 30. Qd2 Ng7 31. Bd3 Qb3 32. b5 Nh5 33. Be2 Nf6 34. Qd4 Nd7 35. Qe4 Kf8 36. Qd4 f6 37. Qa1 Qc2 38. Qa8+ Kf7 39. Bf3 Qxc4 40. Qh8 Nf8 41. f5 Qxb5 42. Be4 Qe2 43. fxg6+ hxg6 44. Bxg6+ Kxg6 45. Qxf8 Qg4+ 46. Kf1 Qd1+ 47. Kg2 Qxd5+ 48. f3 Qg5+ 49. Kf2 Qh4+ 50. Kg2 f5 51. Qd8 Qg5+ 52. Kf2 Qd2+ 53. Kg3 Qe1+ 54. Kg2 Qe2+ 55. Kg3 f4+ 56. Kxf4 Qxh2+ 57. Ke3 Kf7 58. Kd3 Qf2 59. Qa8 Qc5 60. f4 d5 61. Qb8 Qd6 62. Qb7 Qa3+ 63. Kd4 Qc5+ 0-1

[Event "Mar del Plata International-30 Maderna"]
[Site "Mar del Plata ARG"]
[Date "1976.03.13"]
[Round "5"]
[White "Cuasnicu, Oscar"]
[Black "Trois, Francisco"]
[Result "1/2-1/2"]
[WhiteElo "2400"]
[BlackElo "2310"]
[PlyCount "41"]
[EventDate "1976.03.08"]

1. e4 c5 2. Nf3 Nc6 3. d4 cxd4 4. Nxd4 Qc7 5. Nc3 e6 6. Be2 a6 7. O-O Nf6 8. Be3 Bb4 9. Nxc6 bxc6 10. Na4 Rb8 11. c4 Be7 12. Bd3 c5 13. f4 Bb7 14. Nc3 O-O 15. Qf3 Bc6 16. b3 Ne8 17. Qh3 g6 18. Rae1 f5 19. Bd2 Rf7 20. Re2 Ng7 21. e5 1/2-1/2

[Event "Mar del Plata International-30 Maderna"]
[Site "Mar del Plata ARG"]
[Date "1976.03.13"]
[Round "5"]
[White "Hase, Juan Carlos"]
[Black "Rocha, Antonio Cavilhas"]
[Result "1/2-1/2"]
[WhiteElo "2430"]
[BlackElo "2315"]
[PlyCount "101"]
[EventDate "1976.03.08"]

1. e4 c5 2. Nf3 d6 3. d4 cxd4 4. Nxd4 Nf6 5. Nc3 Nc6 6. Bg5 e6 7. Qd2 a6 8. O-O-O Bd7 9. f4 Be7 10. Nf3 b5 11. Kb1 b4 12. Bxf6 Bxf6 13. Ne2 Be7 14. Ned4 Qb6 15. e5 d5 16. Nxc6 Bxc6 17. Bd3 h6 18. f5 O-O-O 19. Qf4 Bc5 20. Rhf1 Bb7 21. Qg4 Rhg8 22. fxe6 fxe6 23. Bh7 Rge8 24. Qxg7 Rd7 25. Qg6 Ree7 26. Bg8 Rg7 27. Qe8+ Rd8 28. Qxe6+ Kc7 29. Qxb6+ Bxb6 30. Be6 Rxg2 31. Bf7 d4 32. e6 Bxf3 33. Rxf3 Bc5 34. Rh3 Kd6 35. a3 bxa3 36. b3 Ke7 37. Rg3 Rxg3 38. hxg3 Rd5 39. c3 Rg5 40. b4 Bb6 41. cxd4 Rd5 42. Ka2 Rxd4 43. Rxd4 Bxd4 44. Kxa3 Be5 45. g4 Bd6 46. Ka4 Kf6 47. Bg8 Kg5 48. Bh7 Kxg4 49. Bd3 Kg5 50. Bxa6 Kf6 51. Bc4 1/2-1/2

[Event "Mar del Plata International-30 Maderna"]
[Site "Mar del Plata ARG"]
[Date "1976.03.13"]
[Round "5"]
[White "Letelier Martner, Rene"]
[Black "Emma, Jaime"]
[Result "1-0"]
[WhiteElo "2350"]
[BlackElo "2420"]
[PlyCount "83"]
[EventDate "1976.03.08"]

1. d4 Nf6 2. c4 e6 3. Nc3 c5 4. d5 exd5 5. cxd5 d6 6. Nf3 g6 7. Nd2 Bg7 8. e4 O-O 9. Be2 Re8 10. O-O Nbd7 11. h3 a6 12. a4 Qc7 13. Qc2 b6 14. Nc4 Ne5 15. Na3 c4 16. Be3 Nfd7 17. f4 Nd3 18. Bxd3 cxd3 19. Qxd3 Nc5 20. Qc4 Qe7 21. Rfe1 Qh4 22. Bf2 Qxf4 23. e5 Qg5 24. h4 Qd8 25. exd6 Rxe1+ 26. Rxe1 Bf5 27. g4 Bd7 28. a5 Nb7 29. axb6 Nxd6 30. Qf4 Bc8 31. Na4 Bb7 32. Nc5 Bxb2 33. Nxb7 Nxb7 34. Nc4 Bc3 35. Rd1 Rc8 36. d6 Qf6 37. Qe4 Nd8 38. d7 Rb8 39. Bg3 Rxb6 40. Nxb6 Qxb6+ 41. Bf2 Qa5 42. g5 1-0

[Event "Mar del Plata International-30 Maderna"]
[Site "Mar del Plata ARG"]
[Date "1976.03.13"]
[Round "5"]
[White "Rubinetti, Jorge Alberto"]
[Black "Van Riemsdijk, Herman Claudius"]
[Result "0-1"]
[WhiteElo "2380"]
[BlackElo "2370"]
[PlyCount "126"]
[EventDate "1976.03.08"]

1. e4 c6 2. d4 d5 3. Nd2 dxe4 4. Nxe4 Nf6 5. Nxf6+ gxf6 6. Ne2 Bf5 7. Ng3 Bg6 8. h4 h5 9. c3 e6 10. Be2 c5 11. d5 Qxd5 12. Qxd5 exd5 13. Bf3 Na6 14. Bxd5 O-O-O 15. Bc4 Nc7 16. a4 Bd6 17. O-O Rhe8 18. f4 f5 19. Kh2 Be7 20. Kh3 Bf6 21. a5 a6 22. Be2 Nb5 23. Rf3 Nd6 24. Be3 Ne4 25. Nf1 Rd7 26. g3 Bd8 27. Ra4 f6 28. Bc4 Rd1 29. Kg2 Re7 30. Ra2 Be8 31. Bb3 Re1 32. Bd5 Bf7 33. Bxf7 Rxf7 34. b3 Rd7 35. Rc2 Bxa5 36. b4 cxb4 37. cxb4+ Bc7 38. Bb6 Kb8 39. Bxc7+ Rxc7 40. Rxc7 Kxc7 41. Ne3 Re2+ 42. Kg1 Nd2 43. Nd5+ Kd6 44. Rd3 Nf3+ 45. Kf1 Rd2 46. Rxf3 Kxd5 47. Rb3 Kc4 48. Rb1 Kc3 49. Rc1+ Rc2 50. Rd1 Kxb4 51. Rb1+ Kc3 52. Rxb7 a5 53. Rc7+ Kd3 54. Ra7 Ra2 55. Rh7 a4 56. Rxh5 a3 57. Rxf5 Rb2 58. Rxf6 a2 59. Ra6 Ke4 60. h5 Rb1+ 61. Kg2 a1=Q 62. Rxa1 Rxa1 63. h6 Ra6 0-1

[Event "Mar del Plata International-30 Maderna"]
[Site "Mar del Plata ARG"]
[Date "1976.03.13"]
[Round "5"]
[White "Schweber, Samuel"]
[Black "Grinberg, Ricardo"]
[Result "1-0"]
[WhiteElo "2455"]
[BlackElo "2425"]
[PlyCount "83"]
[EventDate "1976.03.08"]

1. d4 Nf6 2. c4 e6 3. Nc3 Bb4 4. e3 O-O 5. Nge2 d5 6. a3 Be7 7. Nf4 b6 8. cxd5 exd5 9. Be2 c6 10. O-O Qd6 11. Bd2 Ba6 12. b4 Bxe2 13. Qxe2 Nbd7 14. b5 Ne4 15. bxc6 Nxc3 16. Bxc3 Qxc6 17. Bb4 Rfe8 18. Rfc1 Qb7 19. Bxe7 Rxe7 20. Qb5 Nf6 21. Rc6 Rd8 22. Rac1 h6 23. h3 Qd7 24. Qb4 Qb7 25. a4 Rdd7 26. Qb5 Rd8 27. R1c2 Red7 28. Nd3 Ne8 29. Ne5 Rd6 30. a5 f6 31. a6 Qa8 32. Nd3 Rxc6 33. Rxc6 Qb8 34. Nb4 Nc7 35. Qd3 Rd7 36. Qc2 Kf7 37. h4 Qd8 38. h5 Qe7 39. Qf5 Ke8 40. Nxd5 Rxd5 41. Qc8+ Qd8 42. Rxc7 1-0

[Event "Mar del Plata International-30 Maderna"]
[Site "Mar del Plata ARG"]
[Date "1976.03.14"]
[Round "6"]
[White "Emma, Jaime"]
[Black "Schweber, Samuel"]
[Result "1-0"]
[WhiteElo "2420"]
[BlackElo "2455"]
[PlyCount "93"]
[EventDate "1976.03.08"]

1. d4 Nf6 2. c4 e6 3. Nc3 Bb4 4. e3 c5 5. Bd3 d5 6. Nf3 O-O 7. O-O Nc6 8. a3 dxc4 9. Bxc4 Bxc3 10. bxc3 Qc7 11. Bb5 b6 12. Re1 Bb7 13. e4 Nxe4 14. Rxe4 Nxd4 15. Rh4 Bxf3 16. gxf3 Qd8 17. Rxd4 cxd4 18. cxd4 Qh4 19. f4 Rac8 20. Be3 Rfd8 21. Be2 Rc3 22. a4 Qe7 23. Bf3 Ra3 24. Rxa3 Qxa3 25. Qc2 Qd6 26. Be4 f5 27. Bf3 Qd7 28. Qb3 h6 29. h4 Kh7 30. Kf1 g6 31. Qb5 Qxb5+ 32. axb5 Kg7 33. Ke2 h5 34. Kd3 Kf7 35. Bc6 Rc8 36. Kc4 Ke7 37. Bc1 Kd6 38. Ba3+ Kc7 39. Be7 a6 40. Bf6 axb5+ 41. Kxb5 Kd6 42. Be5+ Ke7 43. Kxb6 Rf8 44. Kc7 Kf7 45. Kd7 Re8 46. d5 Re7+ 47. Kd8 1-0

[Event "Mar del Plata International-30 Maderna"]
[Site "Mar del Plata ARG"]
[Date "1976.03.14"]
[Round "6"]
[White "Grinberg, Ricardo"]
[Black "Brond, Victor"]
[Result "1/2-1/2"]
[WhiteElo "2425"]
[BlackElo "2345"]
[PlyCount "47"]
[EventDate "1976.03.08"]

1. e4 c6 2. d4 d5 3. Nc3 dxe4 4. Nxe4 Nd7 5. Bc4 Ngf6 6. Ng5 e6 7. Qe2 Nb6 8. Bd3 h6 9. N5f3 c5 10. dxc5 Bxc5 11. Ne5 Nbd7 12. Ngf3 Nxe5 13. Nxe5 O-O 14. O-O b6 15. Bf4 Bb7 16. Rad1 Qe7 17. Bg3 Rfd8 18. c3 Nd5 19. h4 Rac8 20. Rfe1 Ba8 21. Ba6 Bb7 22. Bxb7 Qxb7 23. Qf3 b5 24. a4 1/2-1/2

[Event "Mar del Plata International-30 Maderna"]
[Site "Mar del Plata ARG"]
[Date "1976.03.14"]
[Round "6"]
[White "Rocha, Antonio Cavilhas"]
[Black "Bronstein, Luis Marcos"]
[Result "1/2-1/2"]
[WhiteElo "2315"]
[BlackElo "2380"]
[PlyCount "145"]
[EventDate "1976.03.08"]

1. d4 Nf6 2. Bg5 c5 3. d5 g6 4. Bxf6 exf6 5. c3 f5 6. e3 d6 7. Nf3 Bg7 8. Be2 Nd7 9. O-O O-O 10. Qb3 a6 11. a4 b6 12. Na3 Nf6 13. Rfd1 f4 14. exf4 Re8 15. Bf1 Bg4 16. Rd3 b5 17. axb5 axb5 18. Qxb5 Rb8 19. Qa6 Ra8 20. Qb5 Rb8 21. Qa6 Ra8 22. Qb5 Bd7 23. Qb3 Re4 24. c4 Nh5 25. g3 Rb8 26. Qd1 Rxb2 27. Rb1 Rb4 28. Rdb3 Ba4 29. Rxb4 Bxd1 30. Rb8 Qxb8 31. Rxb8+ Bf8 32. Kg2 Rxf4 33. gxf4 Nxf4+ 34. Kg1 Bxf3 35. Nb5 Kg7 36. Rd8 Be7 37. Rd7 Kf8 38. Nxd6 Bg4 39. Rxe7 Kxe7 40. Nb7 Ne2+ 41. Kg2 Nf4+ 42. Kg3 Be2 43. Bxe2 Nxe2+ 44. Kf3 Nd4+ 45. Ke3 Nb3 46. Kd3 Kd7 47. Kc3 Kc7 48. Kxb3 Kxb7 49. Ka4 Kb6 50. Kb3 Kc7 51. Kc3 Kd7 52. Kd3 f6 53. Ke3 Ke7 54. Kf4 Kd7 55. Kg4 h6 56. Kf4 Ke7 57. Ke4 Kd7 58. Kd3 Kd6 59. Kc3 Kc7 60. Kb3 Kb7 61. Ka4 Kb6 62. f3 Kc7 63. Ka5 Kd7 64. Kb6 Kd6 65. Kb5 g5 66. Ka4 Ke5 67. Kb3 f5 68. Kc3 g4 69. Kd3 h5 70. Ke2 h4 71. Kf2 Kf6 72. Ke3 Ke5 73. Kf2 1/2-1/2

[Event "Mar del Plata International-30 Maderna"]
[Site "Mar del Plata ARG"]
[Date "1976.03.14"]
[Round "6"]
[White "Rubinetti, Jorge Alberto"]
[Black "Cuasnicu, Oscar"]
[Result "1/2-1/2"]
[WhiteElo "2380"]
[BlackElo "2400"]
[PlyCount "22"]
[EventDate "1976.03.08"]

1. d4 Nf6 2. c4 c6 3. Nf3 d5 4. e3 e6 5. Nbd2 Ne4 6. Bd3 f5 7. Ne5 Qf6 8. O-O Bd6 9. f4 Nd7 10. Ndf3 O-O 11. b3 Qe7 1/2-1/2

[Event "Mar del Plata International-30 Maderna"]
[Site "Mar del Plata ARG"]
[Date "1976.03.14"]
[Round "6"]
[White "Sanguineti, Raul"]
[Black "Hase, Juan Carlos"]
[Result "1/2-1/2"]
[WhiteElo "2480"]
[BlackElo "2430"]
[PlyCount "29"]
[EventDate "1976.03.08"]

1. d4 Nf6 2. c4 e6 3. Nf3 b6 4. Nc3 Bb7 5. Bg5 Be7 6. e3 Ne4 7. Nxe4 Bxe4 8. Bxe7 Qxe7 9. Be2 O-O 10. O-O d6 11. Nd2 Bb7 12. Bf3 c5 13. Bxb7 Qxb7 14. Qf3 Nc6 15. Ne4 1/2-1/2

[Event "Mar del Plata International-30 Maderna"]
[Site "Mar del Plata ARG"]
[Date "1976.03.14"]
[Round "6"]
[White "Trois, Francisco"]
[Black "Garcia Palermo, Carlos"]
[Result "1-0"]
[WhiteElo "2310"]
[BlackElo "2370"]
[PlyCount "47"]
[EventDate "1976.03.08"]

1. c4 g6 2. Nc3 c5 3. Nf3 Bg7 4. e3 Nf6 5. d4 O-O 6. Be2 Na6 7. O-O d6 8. b3 Nc7 9. Bb2 b6 10. Qc2 Bb7 11. Rad1 Qe8 12. e4 Ne6 13. d5 Nf4 14. e5 N6h5 15. Rfe1 Qd7 16. Bf1 Qg4 17. Ne4 Rae8 18. Ng3 Bc8 19. Re3 Nxg3 20. hxg3 Nh5 21. Bd3 Qd7 22. e6 Qd8 23. Ng5 f5 24. g4 1-0

[Event "Mar del Plata International-30 Maderna"]
[Site "Mar del Plata ARG"]
[Date "1976.03.14"]
[Round "6"]
[White "Van Riemsdijk, Herman Claudius"]
[Black "Garcia, Raimundo"]
[Result "1/2-1/2"]
[WhiteElo "2370"]
[BlackElo "2425"]
[PlyCount "27"]
[EventDate "1976.03.08"]

1. e4 e5 2. Nf3 Nc6 3. Bb5 a6 4. Bxc6 dxc6 5. b3 f6 6. Bb2 Nh6 7. h3 Bd6 8. d3 Qe7 9. Nbd2 Bd7 10. Nc4 Nf7 11. Qe2 O-O 12. O-O Rae8 13. Rfe1 c5 14. Nh2 1/2-1/2

[Event "Mar del Plata International-30 Maderna"]
[Site "Mar del Plata ARG"]
[Date "1976.03.15"]
[Round "7"]
[White "Brond, Victor"]
[Black "Emma, Jaime"]
[Result "1-0"]
[WhiteElo "2345"]
[BlackElo "2420"]
[PlyCount "81"]
[EventDate "1976.03.08"]

1. d4 Nf6 2. c4 c5 3. d5 b5 4. cxb5 a6 5. bxa6 e6 6. Nc3 Nxd5 7. Nxd5 exd5 8. Qxd5 Nc6 9. e4 Bxa6 10. Bxa6 Qa5+ 11. Bd2 Qxa6 12. Ne2 Be7 13. Bc3 O-O 14. Qd2 Rfe8 15. O-O Bf6 16. Ng3 d6 17. Rfd1 Qc4 18. Qd5 Qxd5 19. Rxd5 g6 20. Nh5 Be7 21. Nf6+ Bxf6 22. Bxf6 Re6 23. Bc3 Kf8 24. f3 h5 25. Rad1 Ke7 26. a3 Rb8 27. Kf2 Rb3 28. R1d3 Rb6 29. h3 h4 30. Ke3 f5 31. Kd2 fxe4 32. fxe4 Rb8 33. Ke3 Ra8 34. Rg5 Ra4 35. Rg4 g5 36. Rd5 Ne5 37. Bxe5 Rxe5 38. Rxe5+ dxe5 39. Rxg5 Kf6 40. Rf5+ Ke6 41. Rf2 1-0

[Event "Mar del Plata International-30 Maderna"]
[Site "Mar del Plata ARG"]
[Date "1976.03.15"]
[Round "7"]
[White "Bronstein, Luis Marcos"]
[Black "Sanguineti, Raul"]
[Result "0-1"]
[WhiteElo "2380"]
[BlackElo "2480"]
[PlyCount "82"]
[EventDate "1976.03.08"]

1. e4 e5 2. Nf3 Nc6 3. Bb5 Nf6 4. O-O d6 5. d4 Bd7 6. Nc3 Be7 7. b3 exd4 8. Nxd4 Nxd4 9. Qxd4 Bxb5 10. Nxb5 Nd7 11. Qc4 c6 12. Nd4 O-O 13. Be3 d5 14. exd5 Nb6 15. Qd3 Nxd5 16. Rad1 Bf6 17. c4 Nxe3 18. fxe3 g6 19. Qe4 Qe7 20. Qxe7 Bxe7 21. Nc2 Rfd8 22. Kf2 Kg7 23. Ke2 h5 24. Rxd8 Rxd8 25. b4 Bf6 26. Rd1 Rxd1 27. Kxd1 Be5 28. h3 f5 29. Ke2 Kf6 30. Ne1 b5 31. cxb5 cxb5 32. Kd3 Bd6 33. a3 Be5 34. Nf3 Bb2 35. Nd4 a6 36. Nc6 Bxa3 37. Kd4 Ke6 38. Kc5 Bc1 39. Kb6 Kd6 40. Na5 Bd2 41. Nb7+ Kd5 0-1

[Event "Mar del Plata International-30 Maderna"]
[Site "Mar del Plata ARG"]
[Date "1976.03.15"]
[Round "7"]
[White "Cuasnicu, Oscar"]
[Black "Van Riemsdijk, Herman Claudius"]
[Result "1/2-1/2"]
[WhiteElo "2400"]
[BlackElo "2370"]
[PlyCount "33"]
[EventDate "1976.03.08"]

1. e4 c5 2. Nf3 Nc6 3. d4 cxd4 4. Nxd4 Nf6 5. Nc3 e6 6. g3 Qb6 7. Nb3 a6 8. Bg2 Be7 9. O-O d6 10. a4 Ne5 11. a5 Qc7 12. Na4 Nc4 13. Qd4 e5 14. Qc3 Bd8 15. Nac5 dxc5 16. Qxc4 Be7 17. Be3 1/2-1/2

[Event "Mar del Plata International-30 Maderna"]
[Site "Mar del Plata ARG"]
[Date "1976.03.15"]
[Round "7"]
[White "Garcia, Raimundo"]
[Black "Rocha, Antonio Cavilhas"]
[Result "1/2-1/2"]
[WhiteElo "2425"]
[BlackElo "2315"]
[PlyCount "49"]
[EventDate "1976.03.08"]

1. Nf3 Nf6 2. c4 c5 3. Nc3 d5 4. cxd5 Nxd5 5. e3 e6 6. d4 Nc6 7. Bc4 cxd4 8. exd4 Be7 9. O-O Nf6 10. Re1 O-O 11. a3 a6 12. Ba2 b5 13. d5 exd5 14. Nxd5 Nxd5 15. Qxd5 Bb7 16. Qh5 g6 17. Qg4 Bf6 18. Bh6 Bg7 19. Qf4 Nd4 20. Ne5 Bxh6 21. Qxh6 Bd5 22. Bxd5 Qxd5 23. Ng4 Qd6 24. Qh4 Nf5 25. Qf6 1/2-1/2

[Event "Mar del Plata International-30 Maderna"]
[Site "Mar del Plata ARG"]
[Date "1976.03.15"]
[Round "7"]
[White "Garcia Palermo, Carlos"]
[Black "Rubinetti, Jorge Alberto"]
[Result "1/2-1/2"]
[WhiteElo "2370"]
[BlackElo "2380"]
[PlyCount "47"]
[EventDate "1976.03.08"]

1. d4 d5 2. c4 c6 3. Nf3 Nf6 4. cxd5 cxd5 5. Nc3 Nc6 6. Bf4 e6 7. e3 Be7 8. Bd3 O-O 9. Ne5 Bd7 10. O-O Qb6 11. a3 Rfc8 12. Na4 Qd8 13. b4 Nxe5 14. Bxe5 Bxa4 15. Qxa4 Rc3 16. Bxf6 Bxf6 17. Rfd1 Qc7 18. g3 a6 19. Kg2 Rc8 20. Rd2 g6 21. Raa2 Kg7 22. Rdc2 Qd8 23. Rxc3 Rxc3 24. Qd1 1/2-1/2

[Event "Mar del Plata International-30 Maderna"]
[Site "Mar del Plata ARG"]
[Date "1976.03.15"]
[Round "7"]
[White "Hase, Juan Carlos"]
[Black "Grinberg, Ricardo"]
[Result "1-0"]
[WhiteElo "2430"]
[BlackElo "2425"]
[PlyCount "69"]
[EventDate "1976.03.08"]

1. e4 c5 2. Nf3 e6 3. d4 cxd4 4. Nxd4 Nf6 5. Nc3 d6 6. Bg5 Be7 7. f4 h6 8. Bxf6 Bxf6 9. Ndb5 Be7 10. Qd4 O-O 11. O-O-O e5 12. fxe5 Nc6 13. Qf2 Nxe5 14. Nd5 Bg5+ 15. Kb1 Bg4 16. Be2 Bxe2 17. Qxe2 a6 18. Nd4 Rc8 19. Rhf1 Re8 20. Nf5 Nc4 21. Rd4 b5 22. h4 Bxh4 23. Qh5 Bg5 24. Nxg7 Rxe4 25. Qxf7+ Kh8 26. Ne6 Qg8 27. Nxg5 Rxd4 28. Qf6+ Qg7 29. Nf7+ Kh7 30. Qf5+ Qg6 31. Qxc8 Qg7 32. Qf5+ Qg6 33. Qxg6+ Kxg6 34. Ne7+ Kh7 35. Kc1 1-0

[Event "Mar del Plata International-30 Maderna"]
[Site "Mar del Plata ARG"]
[Date "1976.03.15"]
[Round "7"]
[White "Letelier Martner, Rene"]
[Black "Trois, Francisco"]
[Result "0-1"]
[WhiteElo "2350"]
[BlackElo "2310"]
[PlyCount "110"]
[EventDate "1976.03.08"]

1. d4 Nf6 2. c4 e6 3. Nc3 Bb4 4. e3 c5 5. Nf3 Nc6 6. Bd3 Bxc3+ 7. bxc3 d6 8. O-O e5 9. d5 Ne7 10. Qc2 Ng6 11. Nd2 O-O 12. f3 Bd7 13. a4 Qc7 14. g4 Rae8 15. Ne4 Nxe4 16. Bxe4 Kh8 17. Bd2 Ne7 18. a5 f5 19. gxf5 Bxf5 20. Kh1 Rf7 21. Be1 Ref8 22. Bxf5 Rxf5 23. Qe4 Ng8 24. Ra2 Qf7 25. Raf2 Qg6 26. Qc2 Qh5 27. Qe2 h6 28. Bd2 Qh3 29. f4 Nf6 30. Rf3 Qh4 31. e4 Rh5 32. Be1 Qg4 33. Rg1 Qd7 34. f5 Rf7 35. Rfg3 Rh4 36. Re3 Rf4 37. Bg3 Rg4 38. h3 Rg5 39. Qc2 g6 40. fxg6 Qxh3+ 41. Qh2 Qxh2+ 42. Kxh2 Ng4+ 43. Kh3 Rxg6 44. Bh4 h5 45. Re2 Rgg7 46. Be1 Kh7 47. Kh4 Rf3 48. Bd2 Kg6 49. Be1 Rgf7 50. Bd2 Rd3 51. Rg3 Rff3 52. Rxf3 Rxf3 53. Rg2 Rf2 54. Kh3 Rf1 55. Kg3 Ra1 0-1

[Event "Mar del Plata International-30 Maderna"]
[Site "Mar del Plata ARG"]
[Date "1976.03.16"]
[Round "8"]
[White "Cuasnicu, Oscar"]
[Black "Garcia Palermo, Carlos"]
[Result "1-0"]
[WhiteElo "2400"]
[BlackElo "2370"]
[PlyCount "81"]
[EventDate "1976.03.08"]

1. e4 e6 2. d3 d5 3. Nd2 Nc6 4. Ngf3 Nf6 5. Be2 Be7 6. O-O O-O 7. c3 a5 8. a4 b6 9. Re1 Ba6 10. Qc2 dxe4 11. dxe4 Bxe2 12. Rxe2 Nd7 13. Nc4 Nc5 14. Bf4 Qc8 15. Nd4 Qb7 16. Nb5 Rac8 17. Rd1 f6 18. Red2 Nb8 19. f3 e5 20. Be3 Kh8 21. Bf2 Rce8 22. Ne3 Ne6 23. Nd5 Bd8 24. Qb3 Qc6 25. Kh1 Na6 26. Qa2 Qa8 27. Na3 Nb8 28. Nc4 Nc6 29. Qb3 Nb8 30. h3 Na6 31. Qc2 Qc6 32. Na3 Nb8 33. b4 axb4 34. cxb4 Qxc2 35. Rxc2 Na6 36. Nb5 Kg8 37. Rc4 Kf7 38. a5 bxa5 39. bxa5 Be7 40. Rc6 Nb4 41. Rxe6 1-0

[Event "Mar del Plata International-30 Maderna"]
[Site "Mar del Plata ARG"]
[Date "1976.03.16"]
[Round "8"]
[White "Emma, Jaime"]
[Black "Hase, Juan Carlos"]
[Result "1/2-1/2"]
[WhiteElo "2420"]
[BlackElo "2430"]
[PlyCount "24"]
[EventDate "1976.03.08"]

1. d4 Nf6 2. c4 e6 3. Nc3 Bb4 4. e3 c5 5. Bd3 Nc6 6. Nf3 Bxc3+ 7. bxc3 d6 8. Qe2 e5 9. dxc5 dxc5 10. Ng5 Qe7 11. Ne4 Nd7 12. Ng3 Nb6 1/2-1/2

[Event "Mar del Plata International-30 Maderna"]
[Site "Mar del Plata ARG"]
[Date "1976.03.16"]
[Round "8"]
[White "Grinberg, Ricardo"]
[Black "Bronstein, Luis Marcos"]
[Result "1-0"]
[WhiteElo "2425"]
[BlackElo "2380"]
[PlyCount "43"]
[EventDate "1976.03.08"]

1. e4 e5 2. Nf3 Nc6 3. Bb5 a6 4. Ba4 Nf6 5. O-O Be7 6. Re1 b5 7. Bb3 d6 8. c3 O-O 9. h3 Na5 10. Bc2 c5 11. d4 Qc7 12. Nbd2 cxd4 13. cxd4 Bb7 14. Nf1 Rac8 15. Re2 Nh5 16. g4 Nf4 17. Bxf4 exf4 18. Qd2 f5 19. gxf5 Rxf5 20. exf5 Bxf3 21. Ree1 Qxc2 22. Qxf4 1-0

[Event "Mar del Plata International-30 Maderna"]
[Site "Mar del Plata ARG"]
[Date "1976.03.16"]
[Round "8"]
[White "Rubinetti, Jorge Alberto"]
[Black "Letelier Martner, Rene"]
[Result "1-0"]
[WhiteElo "2380"]
[BlackElo "2350"]
[PlyCount "79"]
[EventDate "1976.03.08"]

1. d4 d5 2. c4 e6 3. g3 Nf6 4. Bg2 dxc4 5. Qa4+ Bd7 6. Qxc4 Bc6 7. Nf3 Nbd7 8. O-O Nb6 9. Qd3 Be4 10. Qd1 c5 11. Nc3 Bc6 12. Be3 Nc4 13. Bc1 Rc8 14. e4 Be7 15. Re1 cxd4 16. Nxd4 Bc5 17. Nxc6 Qxd1 18. Rxd1 bxc6 19. b3 Nb6 20. h3 e5 21. Ne2 Ke7 22. Bb2 Nfd7 23. Rac1 Bd6 24. h4 f6 25. Bh3 Rc7 26. Rc2 Rd8 27. Kg2 Nb8 28. Rcd2 c5 29. Ba3 Na6 30. Nc3 Nb4 31. Nb5 Rc6 32. Nxa7 Rc7 33. Nb5 Rc6 34. Rc1 Na6 35. Kf3 Na8 36. Bf1 N8c7 37. Rcd1 Nb4 38. Na7 Rb6 39. Bxb4 cxb4 40. Rc1 1-0

[Event "Mar del Plata International-30 Maderna"]
[Site "Mar del Plata ARG"]
[Date "1976.03.16"]
[Round "8"]
[White "Sanguineti, Raul"]
[Black "Garcia, Raimundo"]
[Result "1-0"]
[WhiteElo "2480"]
[BlackElo "2425"]
[PlyCount "95"]
[EventDate "1976.03.08"]

1. c4 c5 2. b3 b6 3. Bb2 Bb7 4. Nf3 Nf6 5. e3 e6 6. d4 cxd4 7. exd4 Bb4+ 8. Nbd2 Bxf3 9. Qxf3 Bxd2+ 10. Kxd2 d5 11. cxd5 Nxd5 12. Ba3 Qg5+ 13. Ke1 Qf4 14. Qxf4 Nxf4 15. Rc1 Kd8 16. Bd6 Nd5 17. Bc4 Kd7 18. Be5 Nc6 19. Bb5 Ndb4 20. Bxg7 Rhc8 21. a3 a6 22. Bxc6+ Nxc6 23. Ke2 Rg8 24. Be5 f6 25. Bxf6 Rxg2 26. Rc3 Rf8 27. Rf3 Rg4 28. Rd1 Re4+ 29. Kd3 Rxd4+ 30. Bxd4 Rxf3+ 31. Be3 Rh3 32. Ke4+ Ke7 33. Bxb6 Rxb3 34. Bc5+ Kf6 35. Rd6 Ne7 36. Rxa6 Nf5 37. a4 Rh3 38. a5 Rh4+ 39. Kf3 Rxh2 40. Ra8 Rh3+ 41. Kg2 Rh5 42. Rf8+ Kg7 43. Rc8 Nd6 44. Bxd6 Rxa5 45. Rc7+ Kg6 46. Re7 Kf5 47. Rxh7 e5 48. Rh5+ 1-0

[Event "Mar del Plata International-30 Maderna"]
[Site "Mar del Plata ARG"]
[Date "1976.03.16"]
[Round "8"]
[White "Trois, Francisco"]
[Black "Schweber, Samuel"]
[Result "1/2-1/2"]
[WhiteElo "2310"]
[BlackElo "2455"]
[PlyCount "33"]
[EventDate "1976.03.08"]

1. c4 Nf6 2. Nc3 e5 3. Nf3 Nc6 4. e3 Bb4 5. Qc2 Bxc3 6. Qxc3 d6 7. a3 Bg4 8. b3 a5 9. d3 Nd7 10. Be2 Qe7 11. Bb2 O-O 12. h3 Bxf3 13. Bxf3 f5 14. O-O Nf6 15. Be2 e4 16. Rad1 b6 17. Qc2 1/2-1/2